|
|
|
|
| LEADER |
00000nas a2200000 a 4500 |
| 001 |
ssj0000803453 |
| 003 |
WaSeSS |
| 005 |
20200512172242.0 |
| 006 |
m d |
| 007 |
cr n |
| 008 |
100827c20109999pk mr p s 0 0eng |
| 010 |
|
|
|a 2010340862
|
| 035 |
|
|
|a (WaSeSS)ssj0000803453
|
| 040 |
|
|
|a DLC
|b eng
|c DLC
|d DLC
|d OCLCF
|d OCLCO
|d DLC
|d OCLCA
|d CUY
|d WaSeSS
|
| 042 |
|
|
|a pcc
|
| 043 |
|
|
|a a-pk---
|
| 050 |
0 |
0 |
|a HF1414.55.P18
|b E96
|
| 130 |
0 |
|
|a Enterprise (Karachi, Pakistan)
|
| 245 |
1 |
0 |
|a Enterprise
|h [electronic resource] :
|b international journal on trade & investment.
|
| 260 |
|
|
|a Karachi :
|b Syed Jawaid Iqbal,
|c 2010-
|
| 310 |
|
|
|a Monthly
|
| 362 |
0 |
|
|a July (2010)-
|
| 500 |
|
|
|a Title from cover.
|
| 506 |
|
|
|a License restrictions may limit access.
|
| 515 |
|
|
|a July-September 2010 lack vol. and issue designations; October 2010 called Vol. 16 issue IV in continuation of the earlier title; November 2010 lacks vol. and issue designations but consitutes v. 16, issue V.
|
| 515 |
|
|
|a Issue for May/June 2012 called Vol. 18, issue VI but constitutes Vol. 18, issue V/VI; issue for August/September 2012 called Vol. 18, issue IX but constitutes Vol. 18, issue VIII/IX.
|
| 650 |
|
0 |
|a Exports
|z Pakistan
|v Periodicals.
|
| 650 |
|
0 |
|a Export marketing
|z Pakistan
|v Periodicals.
|
| 650 |
|
7 |
|a Commerce.
|2 fast
|0 (OCoLC)fst00869279
|
| 650 |
|
7 |
|a Export marketing.
|2 fast
|0 (OCoLC)fst00918703
|
| 650 |
|
7 |
|a Exports.
|2 fast
|0 (OCoLC)fst00918764
|
| 651 |
|
0 |
|a Pakistan
|x Commerce
|v Periodicals.
|
| 651 |
|
7 |
|a Pakistan.
|2 fast
|0 (OCoLC)fst01210275
|
| 655 |
|
0 |
|a Electronic journals.
|
| 780 |
0 |
0 |
|t Export times (Karachi, Pakistan)
|w (DLC) 2009361146
|w (OCoLC)37617109
|
| 850 |
|
|
|a DLC
|
| 856 |
4 |
0 |
|z Full text available from Research Library: 02/01/2011 to present
|u https://search.proquest.com/publication/616543
|